[Event "Quebec op"]
[Site "Montreal CAN"]
[Date "2003.07.16"]
[Round "6"]
[White "Legky, Nikolay"]
[Black "Voskanyan, Vahagn"]
[Result "1-0"]
[WhiteElo "2465"]
[BlackElo "2281"]
[PlyCount "77"]
[EventDate "2003.07.12"]
[EventType "swiss"]
[EventRounds "9"]
[EventCountry "CAN"]

1. d4 Nf6 2. c4 e6 3. Nc3 d5 4. cxd5 exd5 5. Bg5 Be7 6. e3 c6 7. Qc2 Nbd7 8.
Bd3 O-O 9. Nf3 Re8 10. O-O h6 11. Bf4 Nh5 12. Nxd5 Nxf4 13. Nxf4 Bd6 14. Ne2 c5
15. Rad1 Qe7 16. Bb5 Rd8 17. Ng3 Bxg3 18. hxg3 cxd4 19. Rxd4 Nf6 20. Rc1 Be6
21. Qc7 Qxc7 22. Rxc7 Rdc8 23. Rxb7 Rc1+ 24. Bf1 Bxa2 25. b3 Bb1 26. Nd2 a5 27.
f3 Bf5 28. Kh2 Be6 29. e4 Rc5 30. Bc4 Bxc4 31. Nxc4 a4 32. Nb6 Raa5 33. bxa4
Rc1 34. Nd5 Ra1 35. Nxf6+ gxf6 36. g4 h5 37. Rd8+ Kg7 38. Rdd7 hxg4 39. Rxf7+
1-0

[Event "Quebec op"]
[Site "Montreal CAN"]
[Date "2003.07.16"]
[Round "6"]
[White "Roy, Guy"]
[Black "Wilkin, Alain"]
[Result "1/2-1/2"]
[WhiteElo "2107"]
[BlackElo "1919"]
[PlyCount "81"]
[EventDate "2003.07.12"]
[EventType "swiss"]
[EventRounds "9"]
[EventCountry "CAN"]

1. e4 c5 2. Nf3 d6 3. Nc3 Nc6 4. g3 g6 5. Bg2 Bg7 6. O-O e6 7. d3 Nge7 8. Re1
O-O 9. Be3 Nd4 10. Ne2 Nxe2+ 11. Rxe2 Bxb2 12. Rb1 Bg7 13. e5 Nd5 14. Bd2 a5
15. c4 Nb4 16. a3 Nc6 17. Bf4 dxe5 18. Nxe5 Nxe5 19. Bxe5 Bxe5 20. Rxe5 Qc7 21.
Qe2 Rb8 22. h4 b6 23. h5 Rd8 24. hxg6 hxg6 25. Re4 Rd4 26. Rxd4 cxd4 27. f4 Bd7
28. Kf2 b5 29. Qb2 Qd6 30. Bf3 b4 31. Bd1 e5 32. Qc1 Rc8 33. axb4 axb4 34. fxe5
Qxe5 35. Rxb4 Re8 36. Bf3 Qf6 37. Qd1 Bc6 38. Rb6 Bxf3 39. Qxf3 Qxf3+ 40. Kxf3
Re3+ 41. Kf2 1/2-1/2

[Event "Quebec op"]
[Site "Montreal CAN"]
[Date "2003.07.16"]
[Round "6"]
[White "Trinh, Tri Bao"]
[Black "Laptos, Kris"]
[Result "0-1"]
[WhiteElo "2020"]
[BlackElo "2277"]
[PlyCount "36"]
[EventDate "2003.07.12"]
[EventType "swiss"]
[EventRounds "9"]
[EventCountry "CAN"]

1. e4 g6 2. d4 Bg7 3. Nc3 c6 4. Bc4 d6 5. Nf3 Nd7 6. O-O e6 7. Bf4 Qc7 8. d5 e5
9. dxc6 bxc6 10. Be3 Ngf6 11. Qd2 Nb6 12. Bxb6 axb6 13. Rfd1 Ke7 14. a4 Ng4 15.
Qe3 h5 16. h3 Bh6 17. Qd3 Be6 18. Bxe6 fxe6 0-1

[Event "Quebec op"]
[Site "Montreal CAN"]
[Date "2003.07.17"]
[Round "7"]
[White "Abreu Cordero, Jose"]
[Black "Fillion, Steve"]
[Result "1/2-1/2"]
[WhiteElo "2079"]
[BlackElo "2150"]
[PlyCount "152"]
[EventDate "2003.07.12"]
[EventType "swiss"]
[EventRounds "9"]
[EventCountry "CAN"]

1. e4 d5 2. exd5 Qxd5 3. Nc3 Qa5 4. g3 Nf6 5. Bg2 c6 6. Nge2 Bg4 7. h3 Bh5 8.
g4 Bg6 9. d3 e6 10. Bd2 Qc7 11. Bf4 Bd6 12. Bxd6 Qxd6 13. Qd2 Nbd7 14. O-O-O
O-O-O 15. f4 h5 16. Bf3 hxg4 17. hxg4 Qc5 18. Ng3 Nb6 19. Kb1 Rxh1 20. Rxh1 Nc4
21. Qe1 Ne3 22. Qg1 Qb6 23. Na4 Qd4 24. Ne2 Qxa4 25. Qxe3 Qa5 26. a3 Kb8 27.
Nc3 Qc7 28. Rf1 Rh8 29. Be2 Qc8 30. Qg3 Qc7 31. Qf2 Re8 32. Qh4 Qc8 33. f5 exf5
34. gxf5 Bh7 35. Ne4 Nxe4 36. dxe4 Bg8 37. Bd3 f6 38. Rg1 Qc7 39. Qh5 Rd8 40.
Qg4 Rd7 41. Qe2 c5 42. Bc4 Bxc4 43. Qxc4 a6 44. c3 Ka7 45. a4 Qe5 46. Ka2 b6
47. Rh1 Qe7 48. Rh8 Qf7 49. Kb3 b5 50. Qxf7 Rxf7 51. Re8 g5 52. fxg6 Rg7 53.
Re6 Rxg6 54. e5 Rg4 55. exf6 Rxa4 56. Kc2 Rf4 57. Kd3 b4 58. Ke3 Rf1 59. Ke4 a5
60. Kd5 Rf2 61. cxb4 cxb4 62. Ke5 a4 63. Rd6 a3 64. bxa3 bxa3 65. Rd3 a2 66.
Ra3+ Kb6 67. Ke6 Re2+ 68. Kf5 Rf2+ 69. Kg6 Rg2+ 70. Kh7 Rf2 71. Kg7 Rg2+ 72.
Kf8 Kb5 73. f7 Kb4 74. Ra6 Rf2 75. Ke8 Rxf7 76. Kxf7 Kb3 1/2-1/2

[Event "Quebec op"]
[Site "Montreal CAN"]
[Date "2003.07.17"]
[Round "7"]
[White "Bachand-Fleurent, Julien"]
[Black "Beaulieu, Eric"]
[Result "1/2-1/2"]
[WhiteElo "2060"]
[BlackElo "2232"]
[PlyCount "67"]
[EventDate "2003.07.12"]
[EventType "swiss"]
[EventRounds "9"]
[EventCountry "CAN"]

1. e4 e6 2. d4 d5 3. Nc3 Nf6 4. Bg5 Be7 5. e5 Nfd7 6. Bxe7 Qxe7 7. f4 a6 8. Nf3
b6 9. Be2 c5 10. Qd2 Nc6 11. Nd1 cxd4 12. Nxd4 Ndxe5 13. c3 Nxd4 14. Qxd4 Ng6
15. Qxg7 f6 16. Qxe7+ Nxe7 17. Ne3 h5 18. O-O Bb7 19. Rad1 O-O-O 20. Rd2 Kc7
21. Nc2 Nf5 22. Bd3 Nd6 23. Re2 Ne4 24. Nd4 Kd6 25. Bb1 b5 26. Nb3 Ke7 27. f5
e5 28. Bxe4 dxe4 29. Nd2 Rhg8 30. Nxe4 Bxe4 31. Rxe4 Rd2 32. Rf2 Rd1+ 33. Rf1
Rd2 34. Rf2 1/2-1/2

[Event "Quebec op"]
[Site "Montreal CAN"]
[Date "2003.07.17"]
[Round "7"]
[White "Leriche, Felix"]
[Black "Neacsu, Catalin"]
[Result "1-0"]
[WhiteElo "2127"]
[BlackElo "1873"]
[PlyCount "75"]
[EventDate "2003.07.12"]
[EventType "swiss"]
[EventRounds "9"]
[EventCountry "CAN"]

1. e4 e6 2. d4 d5 3. Nc3 Bb4 4. e5 c5 5. a3 Bxc3+ 6. bxc3 Ne7 7. h4 Nbc6 8. h5
Qa5 9. Bd2 Qa4 10. Be3 Nf5 11. Nf3 c4 12. h6 g6 13. Bg5 Bd7 14. Bf6 O-O 15. Qd2
b5 16. Nh2 b4 17. Ng4 bxc3 18. Qd1 Ncxd4 19. Rc1 Rfb8 20. Bg7 f6 21. Nxf6+ Kf7
22. g4 Rb1 23. gxf5 Nxc2+ 24. Ke2 Rxc1 25. fxg6+ hxg6 26. Qxc1 Nd4+ 27. Ke3
Qxa3 28. Qxa3 Nc2+ 29. Ke2 Nxa3 30. Nxd7 d4 31. Bf6 d3+ 32. Kd1 Nc2 33. h7 Nd4
34. Bxd3 cxd3 35. h8=Q Rxh8 36. Rxh8 c2+ 37. Kd2 g5 38. Bxg5 1-0

[Event "Quebec op"]
[Site "Montreal CAN"]
[Date "2003.07.17"]
[Round "7"]
[White "Luksza, Arkadiusz"]
[Black "Roy, Guy"]
[Result "1-0"]
[WhiteElo "2211"]
[BlackElo "2107"]
[PlyCount "65"]
[EventDate "2003.07.12"]
[EventType "swiss"]
[EventRounds "9"]
[EventCountry "CAN"]

1. c4 e5 2. g3 Nf6 3. Bg2 g6 4. Nc3 c6 5. e3 Bg7 6. Nge2 O-O 7. d4 d6 8. O-O
Qc7 9. d5 Bg4 10. h3 Bd7 11. e4 Na6 12. Be3 Rad8 13. Rb1 c5 14. a3 Ne8 15. f4
f5 16. fxe5 Bxe5 17. Bg5 Ra8 18. Qd2 Ng7 19. Bf4 Rae8 20. Bxe5 Rxe5 21. Rbe1
Qc8 22. Kh2 Nc7 23. Nf4 Rfe8 24. Nd3 R5e7 25. e5 dxe5 26. d6 Rf7 27. Nxe5 Rxe5
28. Rxe5 Nce6 29. Nd5 Qb8 30. Rfe1 Nd4 31. Ne7+ Kf8 32. Rxc5 Nde6 33. Rd5 1-0

[Event "Quebec op"]
[Site "Montreal CAN"]
[Date "2003.07.17"]
[Round "7"]
[White "Masse, Hugues"]
[Black "Pruess, David"]
[Result "0-1"]
[WhiteElo "2163"]
[BlackElo "2399"]
[PlyCount "148"]
[EventDate "2003.07.12"]
[EventType "swiss"]
[EventRounds "9"]
[EventCountry "CAN"]

1. d4 Nf6 2. c4 c5 3. d5 e6 4. Nc3 exd5 5. cxd5 d6 6. e4 g6 7. Nf3 Bg7 8. h3
O-O 9. Bd3 b5 10. Nxb5 Re8 11. O-O Nxe4 12. Qa4 Bd7 13. Bxe4 Bxb5 14. Qxb5 Rxe4
15. Bd2 Nd7 16. Qd3 Qe7 17. Rfe1 Re8 18. Bc3 Nb6 19. Ng5 Re2 20. Kf1 Rxe1+ 21.
Rxe1 Qd7 22. Rxe8+ Qxe8 23. Bxg7 Kxg7 24. Ne4 Qe5 25. Nc3 Qh2 26. f3 Qf4 27. b3
Qe5 28. Kf2 f5 29. Qe3 a6 30. f4 Qd4 31. Ke2 Kh6 32. Qg3 Kg7 33. Qe3 Qf6 34. g3
Qf7 35. Qd3 Qb7 36. Qe3 Qd7 37. Qd3 Qb7 38. Qe3 Qd7 39. Qd3 Qc8 40. Qe3 Kf8 41.
Kf2 Na8 42. Qd3 Nc7 43. Qc4 Qb7 44. a3 Qb6 45. Ke2 Qa5 46. Na4 Nb5 47. Kd1 Nxa3
48. Qe2 Qb5 49. Qe3 Qf1+ 50. Kd2 Qg2+ 51. Kd1 Qxd5+ 52. Kc1 Qh1+ 53. Kd2 Qg2+
54. Kd1 Qd5+ 55. Kc1 Nb5 56. Nb6 Qc6 57. Nc4 Nd4 58. Nd2 Qb5 59. Kb2 a5 60. Nc4
Qa6 61. Qc3 d5 62. Nxa5 Qe2+ 63. Kb1 Qb5 64. Ka2 Kg8 65. g4 fxg4 66. hxg4 h5
67. gxh5 gxh5 68. Kb2 h4 69. Kb1 Qb4 70. Qd3 Qe1+ 71. Kb2 Qe2+ 72. Qxe2 Nxe2
73. Nc6 h3 74. Ne7+ Kf7 0-1

[Event "Quebec op"]
[Site "Montreal CAN"]
[Date "2003.07.17"]
[Round "7"]
[White "Poulin, Maurice"]
[Black "Fernandez, Lautaro"]
[Result "0-1"]
[WhiteElo "2077"]
[BlackElo "2113"]
[PlyCount "114"]
[EventDate "2003.07.12"]
[EventType "swiss"]
[EventRounds "9"]
[EventCountry "CAN"]

1. e4 c5 2. Nf3 d6 3. Bb5+ Bd7 4. Bxd7+ Qxd7 5. c4 Nc6 6. Nc3 g6 7. d4 cxd4 8.
Nxd4 Bg7 9. Be3 Nf6 10. f3 O-O 11. O-O a6 12. b3 b5 13. Nd5 Nxd5 14. cxd5 Nxd4
15. Bxd4 Rac8 16. a4 Rc7 17. Bxg7 Kxg7 18. Qd4+ Kg8 19. Ra2 Rb8 20. axb5 Qxb5
21. Rfa1 Qxb3 22. Rxa6 Rc4 23. Qa7 Rb7 24. Qf2 Rc2 25. Ra8+ Kg7 26. Qd4+ f6 27.
h3 Qb2 28. Qxb2 Rbxb2 29. R1a7 Rxg2+ 30. Kf1 Rbf2+ 31. Ke1 Re2+ 32. Kf1 Ref2+
33. Ke1 Rxf3 34. Rxe7+ Kh6 35. Rh8 Rb3 36. Rhxh7+ Kg5 37. Kf1 Ra2 38. Rb7 Rf3+
39. Kg1 Re3 40. Rb1 Rxe4 41. Rd7 Re3 42. Rxd6 Rg3+ 43. Kf1 Rxh3 44. Kg1 Rd3 45.
Rf1 f5 46. Rf2 Rxf2 47. Kxf2 f4 48. Ke2 Rd4 49. Rd8 Kg4 50. d6 g5 51. d7 f3+
52. Ke3 Rd6 53. Kf2 Rd2+ 54. Ke1 f2+ 55. Kxd2 f1=Q 56. Re8 Qf2+ 57. Kd3 Qf3+
0-1

[Event "Quebec op"]
[Site "Montreal CAN"]
[Date "2003.07.17"]
[Round "7"]
[White "Rek, Slava"]
[Black "Mikhalevski, Alexander"]
[Result "0-1"]
[WhiteElo "2367"]
[BlackElo "2439"]
[PlyCount "122"]
[EventDate "2003.07.12"]
[EventType "swiss"]
[EventRounds "9"]
[EventCountry "CAN"]

1. Nf3 d5 2. g3 Bg4 3. Bg2 c6 4. b3 Nf6 5. O-O Nbd7 6. Bb2 e6 7. d3 Bc5 8. Nbd2
O-O 9. c4 a5 10. a3 Re8 11. Qc2 e5 12. cxd5 cxd5 13. Nxe5 Bxf2+ 14. Rxf2 Nxe5
15. Bxe5 Rxe5 16. Nf3 Bxf3 17. exf3 Qb6 18. Rc1 Rae8 19. Bf1 d4 20. Re2 Rxe2
21. Bxe2 Qe6 22. Bf1 Qe3+ 23. Kg2 Nd5 24. Rb1 Nc3 25. Ra1 h5 26. Qf2 Qe5 27. b4
a4 28. f4 Qd5+ 29. Kg1 Re3 30. Re1 Qe6 31. Rc1 b6 32. f5 Qe5 33. Qf4 Qxf4 34.
gxf4 Re2 35. Ra1 Ra2 36. Rxa2 Nxa2 37. Bg2 Kf8 38. f6 gxf6 39. Bc6 Nc3 40. Kf2
Ke7 41. Kf3 f5 42. Kf2 Kf6 43. h4 Nb1 44. Bxa4 Nxa3 45. Ke2 Nb1 46. Bc6 Nc3+
47. Kd2 Na2 48. b5 Nc3 49. Bf3 Nxb5 50. Bxh5 Nc7 51. Kc2 Nd5 52. Be2 Nxf4 53.
Bf1 Ng6 54. h5 Ne5 55. Kb3 Kg5 56. Be2 f4 57. Kb4 f3 58. Bf1 Kxh5 59. Kb5 Kg5
60. Kxb6 Kf4 61. Kc5 Ke3 0-1

[Event "Quebec op"]
[Site "Montreal CAN"]
[Date "2003.07.17"]
[Round "7"]
[White "Saint Amand, Paul"]
[Black "Cazelais, Marc"]
[Result "1/2-1/2"]
[WhiteElo "2088"]
[BlackElo "2218"]
[PlyCount "34"]
[EventDate "2003.07.12"]
[EventType "swiss"]
[EventRounds "9"]
[EventCountry "CAN"]

1. e4 c6 2. d4 d5 3. Nd2 dxe4 4. Nxe4 Nf6 5. Nxf6+ gxf6 6. c3 Bf5 7. Bd3 Bg6 8.
Bf4 e6 9. Ne2 Bd6 10. Bg3 Qc7 11. Qc2 Nd7 12. O-O-O O-O-O 13. Rhe1 Kb8 14. Bxd6
Qxd6 15. g3 Qd5 16. Kb1 Bxd3 17. Qxd3 f5 1/2-1/2

[Event "Quebec op"]
[Site "Montreal CAN"]
[Date "2003.07.17"]
[Round "7"]
[White "Voskanyan, Vahagn"]
[Black "Audet-Bouchard, Nicolas"]
[Result "0-1"]
[WhiteElo "2281"]
[BlackElo "2134"]
[PlyCount "60"]
[EventDate "2003.07.12"]
[EventType "swiss"]
[EventRounds "9"]
[EventCountry "CAN"]

1. e4 c5 2. Nf3 d6 3. d4 cxd4 4. Nxd4 Nf6 5. Bd3 Nc6 6. Nxc6 bxc6 7. Nd2 e6 8.
c4 Be7 9. O-O O-O 10. f4 Qb6+ 11. Kh1 Rd8 12. Qe2 e5 13. Nf3 exf4 14. Bxf4 Bg4
15. Be3 Qa5 16. Qc2 Rab8 17. Nd4 Qc7 18. Rae1 h6 19. Rf4 Bh5 20. Nf5 Ng4 21.
Bd4 Ne5 22. Nxe7+ Qxe7 23. Qc3 c5 24. Bf2 Nxd3 25. Qxd3 Rxb2 26. Bg3 Rxa2 27.
Rf5 Bg6 28. Rd5 Re8 29. Qb1 Ra6 30. Kg1 Bxe4 0-1

[Event "Quebec op"]
[Site "Montreal CAN"]
[Date "2003.07.18"]
[Round "8"]
[White "Beaulieu, Eric"]
[Black "Leriche, Felix"]
[Result "1-0"]
[WhiteElo "2232"]
[BlackElo "2127"]
[PlyCount "23"]
[EventDate "2003.07.12"]
[EventType "swiss"]
[EventRounds "9"]
[EventCountry "CAN"]

1. d4 d5 2. c4 c6 3. Nc3 e6 4. Bf4 dxc4 5. e3 b5 6. a4 Bb4 7. axb5 cxb5 8. Qf3
Qd5 9. Qg3 Nf6 10. Qxg7 Rg8 11. Qxf6 Rxg2 12. Bd6 1-0

[Event "Quebec op"]
[Site "Montreal CAN"]
[Date "2003.07.18"]
[Round "8"]
[White "Caceres Cortes, Julio"]
[Black "McDonough, Jonathan"]
[Result "0-1"]
[WhiteElo "2100"]
[BlackElo "2040"]
[PlyCount "54"]
[EventDate "2003.07.12"]
[EventType "swiss"]
[EventRounds "9"]
[EventCountry "CAN"]

1. e4 e6 2. d4 d5 3. Nd2 Nf6 4. e5 Nfd7 5. Bd3 c5 6. c3 Nc6 7. Ne2 cxd4 8. cxd4
f6 9. Nf4 Nxd4 10. Qh5+ Ke7 11. exf6+ Nxf6 12. Ng6+ hxg6 13. Qxh8 Kf7 14. Qh4
e5 15. Qg3 e4 16. Bb1 Bd6 17. Qe3 Nf5 18. Qg5 Qc7 19. Nb3 a5 20. a4 Nh7 21. Qg4
Nd4 22. Qd1 Nxb3 23. Qxb3 Qxc1+ 24. Ke2 Bg4+ 25. f3 exf3+ 26. gxf3 Re8+ 27. Kf2
Qd2+ 0-1

[Event "Quebec op"]
[Site "Montreal CAN"]
[Date "2003.07.18"]
[Round "8"]
[White "Cazelais, Marc"]
[Black "Arsenault, Nicolas"]
[Result "1/2-1/2"]
[WhiteElo "2218"]
[BlackElo "2043"]
[PlyCount "97"]
[EventDate "2003.07.12"]
[EventType "swiss"]
[EventRounds "9"]
[EventCountry "CAN"]

1. e4 e6 2. d4 d5 3. Nc3 Bb4 4. e5 b6 5. a3 Bxc3+ 6. bxc3 Ne7 7. Qg4 Nf5 8. Bd3
h5 9. Qh3 g6 10. Nf3 Qd7 11. g4 Ng7 12. Bg5 Ba6 13. Bxa6 Nxa6 14. Rg1 Qa4 15.
Kd2 Kd7 16. Bf6 hxg4 17. Qxg4 Rhg8 18. Ng5 Nf5 19. Nxf7 Rac8 20. Ng5 c5 21.
dxc5 Qa5 22. Qh3 Qxc5 23. Rge1 Qxf2+ 24. Re2 Qf4+ 25. Ke1 Qh4+ 26. Qxh4 Nxh4
27. Kd2 Nf5 28. Rf2 Nc5 29. Rf3 Ne4+ 30. Nxe4 dxe4 31. Rh3 Kc6 32. Rh7 Rc7 33.
Rxc7+ Kxc7 34. Rg1 Kd7 35. h4 Ke8 36. Rg4 e3+ 37. Ke2 Kf7 38. Rc4 Ra8 39. Rc7+
Kg8 40. a4 a6 41. c4 Rb8 42. Kd3 b5 43. axb5 axb5 44. c5 Ra8 45. Rd7 Ra3+ 46.
c3 b4 47. Rd8+ Kf7 48. Rd7+ Ke8 49. Rd8+ 1/2-1/2

[Event "Quebec op"]
[Site "Montreal CAN"]
[Date "2003.07.18"]
[Round "8"]
[White "Legky, Nikolay"]
[Black "Hua, Lefong"]
[Result "1/2-1/2"]
[WhiteElo "2465"]
[BlackElo "2329"]
[PlyCount "76"]
[EventDate "2003.07.12"]
[EventType "swiss"]
[EventRounds "9"]
[EventCountry "CAN"]

1. d4 Nf6 2. c4 c5 3. d5 e6 4. Nc3 exd5 5. cxd5 d6 6. e4 g6 7. h3 Bg7 8. Nf3
O-O 9. Bd3 Nh5 10. O-O Nd7 11. Bg5 Bf6 12. Be3 Re8 13. a4 a6 14. Qc2 Ne5 15.
Be2 Nxf3+ 16. Bxf3 Ng7 17. a5 Be5 18. Qd2 b5 19. axb6 Rb8 20. Na4 Bd7 21. Qc2
Bxa4 22. Rxa4 Rxb6 23. b3 Qb8 24. Rb1 f5 25. Bh6 fxe4 26. Bxe4 Rb4 27. Bd3 Bd4
28. Rxa6 Rf8 29. Be3 Bxe3 30. fxe3 Qe8 31. Re1 Qe5 32. Ra7 Rh4 33. Re2 Qg5 34.
Rf2 Qxe3 35. Qe2 Qd4 36. Qb2 Rxf2 37. Qxf2 Rf4 38. Qxd4 Rxd4 1/2-1/2

[Event "Quebec op"]
[Site "Montreal CAN"]
[Date "2003.07.18"]
[Round "8"]
[White "Mikanovic, Goran"]
[Black "Luksza, Arkadiusz"]
[Result "1-0"]
[WhiteElo "2298"]
[BlackElo "2211"]
[PlyCount "73"]
[EventDate "2003.07.12"]
[EventType "swiss"]
[EventRounds "9"]
[EventCountry "CAN"]

1. d4 d6 2. Nf3 g6 3. c4 Bg7 4. Nc3 Nf6 5. e4 O-O 6. Be2 e5 7. O-O Nc6 8. d5
Ne7 9. b4 Nh5 10. Re1 f5 11. Ng5 Nf6 12. Bf3 c6 13. Be3 h6 14. Ne6 Bxe6 15.
dxe6 fxe4 16. Nxe4 Nxe4 17. Bxe4 d5 18. cxd5 cxd5 19. Bc2 Qc8 20. Bc5 Qxe6 21.
Bxe7 Qxe7 22. Qxd5+ Kh7 23. Qe4 Qf6 24. Re2 Qb6 25. g3 Rad8 26. Rd1 Rxd1+ 27.
Bxd1 Rd8 28. Bc2 Rd4 29. Qf3 Rxb4 30. h4 Qf6 31. Qxf6 Bxf6 32. h5 Kg7 33. Bxg6
Rc4 34. Kg2 Rc7 35. Rb2 Re7 36. Be4 b6 37. Kf3 1-0

[Event "Quebec op"]
[Site "Montreal CAN"]
[Date "2003.07.18"]
[Round "8"]
[White "Mikhalevski, Alexander"]
[Black "Laptos, Kris"]
[Result "1-0"]
[WhiteElo "2439"]
[BlackElo "2277"]
[PlyCount "41"]
[EventDate "2003.07.12"]
[EventType "swiss"]
[EventRounds "9"]
[EventCountry "CAN"]

1. d4 g6 2. c4 Bg7 3. e4 d6 4. Nc3 Nc6 5. Be3 e5 6. d5 Nce7 7. c5 f5 8. cxd6
cxd6 9. Qa4+ Kf8 10. Qa3 Bh6 11. Nb5 Bxe3 12. fxe3 fxe4 13. Nxd6 Kg7 14. Nxe4
Nxd5 15. Nf3 Ngf6 16. Bc4 Nb6 17. Rc1 Bd7 18. O-O Nxc4 19. Rxc4 Bc6 20. Nd4
exd4 21. Nxf6 1-0

[Event "Quebec op"]
[Site "Montreal CAN"]
[Date "2003.07.18"]
[Round "8"]
[White "Moisan-Plante, Marc-Olivier"]
[Black "Wilkin, Alain"]
[Result "1-0"]
[WhiteElo "2095"]
[BlackElo "1919"]
[PlyCount "127"]
[EventDate "2003.07.12"]
[EventType "swiss"]
[EventRounds "9"]
[EventCountry "CAN"]

1. e4 c5 2. Nf3 d6 3. d4 cxd4 4. Nxd4 Nf6 5. Nc3 a6 6. Be3 e5 7. Nb3 Be6 8. Qd2
Be7 9. f3 Nbd7 10. g4 Nb6 11. g5 Nfd7 12. Na5 Qc7 13. h4 Rc8 14. Bh3 Nc4 15.
Nxc4 Qxc4 16. O-O-O b5 17. Kb1 b4 18. Nd5 Bxd5 19. Qxd5 Qxd5 20. Rxd5 Rc6 21.
f4 f6 22. f5 Nb6 23. Rd3 Nc4 24. Bc1 Kf7 25. g6+ hxg6 26. fxg6+ Ke8 27. Be6 f5
28. Bxf5 Rxh4 29. Rxh4 Bxh4 30. Be6 Ke7 31. Bd5 Rc8 32. c3 a5 33. cxb4 axb4 34.
Rb3 Nb6 35. Bb7 Rc7 36. Rxb4 Nd7 37. Bd5 Nc5 38. Rc4 Ra7 39. Rc3 Bf6 40. Be3
Rc7 41. b4 Na6 42. Rxc7+ Nxc7 43. Kc2 Kd7 44. Kd3 Nb5 45. a4 Nd4 46. Kc4 Kc7
47. b5 Kb8 48. a5 Ka7 49. Bc6 Bd8 50. Kd5 Bxa5 51. Kxd6 Bb6 52. Bh6 Ne2 53.
Bxg7 Nf4 54. Be8 Kb8 55. Bxe5 Bc7+ 56. Ke7 Bxe5 57. Kf7 Nh5 58. Ke6 Bd4 59. Kd5
Bg7 60. e5 Nf4+ 61. Kd6 Nd3 62. e6 Ne5 63. e7 Kc8 64. Bd7+ 1-0

[Event "Quebec op"]
[Site "Montreal CAN"]
[Date "2003.07.18"]
[Round "8"]
[White "Nogueiras, Jesus"]
[Black "Pruess, David"]
[Result "1-0"]
[WhiteElo "2565"]
[BlackElo "2399"]
[PlyCount "111"]
[EventDate "2003.07.12"]
[EventType "swiss"]
[EventRounds "9"]
[EventCountry "CAN"]

1. c4 e6 2. g3 d5 3. Bg2 Nf6 4. Nf3 Nbd7 5. d4 c6 6. O-O Bd6 7. Nc3 O-O 8. Nd2
Be7 9. e4 Nb6 10. e5 Ne8 11. Qe2 dxc4 12. Rd1 Nc7 13. Nxc4 Nxc4 14. Qxc4 Nd5
15. Ne4 Re8 16. h4 Qc7 17. Bg5 Bf8 18. Qe2 b6 19. Rac1 Bb7 20. a3 a5 21. Qg4
Kh8 22. Rc2 h6 23. Bc1 Red8 24. Qh5 Rd7 25. Bd2 Kg8 26. Qg4 Kh7 27. Rdc1 Qd8
28. Bf1 Kh8 29. Bg5 f6 30. Bd3 fxg5 31. Nxg5 Nc7 32. Nxe6 Nxe6 33. Qg6 Kg8 34.
Qxe6+ Rf7 35. Qg6 Bxa3 36. Bc4 Qe7 37. Qxf7+ Qxf7 38. Bxf7+ Kxf7 39. bxa3 Rd8
40. Rxc6 Bxc6 41. Rxc6 Rxd4 42. Rxb6 Rd3 43. h5 Rxa3 44. Ra6 a4 45. Kg2 Ra2 46.
Kf3 a3 47. g4 Kg8 48. Ke3 Ra1 49. Kf4 Kh7 50. Ra7 Ra2 51. f3 Ra1 52. Kf5 Ra2
53. f4 Ra1 54. Ra8 Ra2 55. e6 Ra1 56. e7 1-0

[Event "Quebec op"]
[Site "Montreal CAN"]
[Date "2003.07.18"]
[Round "8"]
[White "Rek, Slava"]
[Black "Laurain, Guy"]
[Result "1-0"]
[WhiteElo "2367"]
[BlackElo "2079"]
[PlyCount "49"]
[EventDate "2003.07.12"]
[EventType "swiss"]
[EventRounds "9"]
[EventCountry "CAN"]

1. e4 c5 2. Nf3 Nc6 3. g3 Nf6 4. d3 e6 5. Bg2 d5 6. Nbd2 Be7 7. O-O O-O 8. e5
Nd7 9. Re1 Qc7 10. Qe2 b6 11. c3 a5 12. h4 Ba6 13. Nf1 d4 14. Bg5 dxc3 15. bxc3
Rad8 16. N1h2 Bxg5 17. hxg5 Ndb8 18. Rad1 Qd7 19. c4 Bb7 20. Ng4 Ne7 21. Nf6+
gxf6 22. gxf6 Nf5 23. Ng5 h6 24. Qh5 hxg5 25. g4 1-0

[Event "Quebec op"]
[Site "Montreal CAN"]
[Date "2003.07.18"]
[Round "8"]
[White "Roy, Guy"]
[Black "Cloutier, Mario"]
[Result "0-1"]
[WhiteElo "2107"]
[BlackElo "2022"]
[PlyCount "76"]
[EventDate "2003.07.12"]
[EventType "swiss"]
[EventRounds "9"]
[EventCountry "CAN"]

1. b4 d5 2. Bb2 Nf6 3. Nf3 Bf5 4. e3 h6 5. c4 e6 6. a3 Nbd7 7. c5 Be7 8. Be2
O-O 9. d4 c6 10. Nbd2 Ne4 11. Nxe4 Bxe4 12. O-O a6 13. Rc1 f6 14. Nd2 Bh7 15.
Bg4 f5 16. Bf3 Qc7 17. Qb3 e5 18. dxe5 Nxe5 19. Be2 Kh8 20. f4 Nd7 21. Nf3 Bf6
22. Nd4 Rae8 23. Bf3 Re7 24. Rfe1 Rfe8 25. a4 g6 26. b5 Bg8 27. b6 Qc8 28. a5
Bg7 29. g4 fxg4 30. Bxg4 Qd8 31. Qd3 Nf6 32. Bf3 Ne4 33. Re2 Qd7 34. Rg2 Bh7
35. Bg4 Qd8 36. Qb3 Nxc5 37. Rxc5 Rxe3 38. Bc3 Qh4 0-1

[Event "Quebec op"]
[Site "Montreal CAN"]
[Date "2003.07.19"]
[Round "9"]
[White "Bachand-Fleurent, Julien"]
[Black "Cazelais, Marc"]
[Result "1/2-1/2"]
[WhiteElo "2060"]
[BlackElo "2218"]
[PlyCount "103"]
[EventDate "2003.07.12"]
[EventType "swiss"]
[EventRounds "9"]
[EventCountry "CAN"]

1. e4 c5 2. Nc3 Nc6 3. g3 g6 4. Bg2 Bg7 5. d3 e6 6. Be3 d6 7. Qd2 Nd4 8. Nd1 e5
9. c3 Nc6 10. Ne2 Nge7 11. Bh6 O-O 12. h4 f5 13. Bxg7 Kxg7 14. h5 Ng8 15. hxg6
hxg6 16. exf5 Bxf5 17. Bd5 Qf6 18. f4 Rae8 19. Nf2 exf4 20. gxf4 Nge7 21. Bf3
Rh8 22. O-O-O Qe6 23. b3 d5 24. Ng3 Rxh1 25. Rxh1 Rh8 26. Rxh8 Kxh8 27. Nxf5
Nxf5 28. Ng4 Kg7 29. Qg2 Qe1+ 30. Kb2 d4 31. Qc2 Ne3 32. Qc1 Qxc1+ 33. Kxc1
Nxg4 34. Bxg4 dxc3 35. Kc2 Nb4+ 36. Kxc3 Nd5+ 37. Kd2 Nxf4 38. Bf3 b6 39. Kc3
Ne6 40. Kc4 Kf6 41. Be4 g5 42. Kb5 g4 43. Bh1 Ke5 44. Ka6 Kd4 45. a4 Kc3 46.
Kxa7 Kxb3 47. Kxb6 Kxa4 48. Kc6 Kb4 49. Kd5 Kc3 50. Kxe6 Kxd3 51. Kf5 c4 52.
Kxg4 1/2-1/2

[Event "Quebec op"]
[Site "Montreal CAN"]
[Date "2003.07.19"]
[Round "9"]
[White "Bolduc, Steve"]
[Black "Audet-Bouchard, Nicolas"]
[Result "1-0"]
[WhiteElo "2275"]
[BlackElo "2134"]
[PlyCount "33"]
[EventDate "2003.07.12"]
[EventType "swiss"]
[EventRounds "9"]
[EventCountry "CAN"]

1. d4 Nf6 2. c4 e6 3. Nf3 c5 4. Nc3 cxd4 5. Nxd4 Bb4 6. Ndb5 Ne4 7. Qd4 Nxc3 8.
bxc3 Be7 9. Qxg7 Bf6 10. Nd6+ Ke7 11. Nxc8+ Qxc8 12. Ba3+ d6 13. Bxd6+ Kxd6 14.
Qxf6 Nd7 15. O-O-O+ Kc6 16. Qd4 Qc7 17. g3 1-0

[Event "Quebec op"]
[Site "Montreal CAN"]
[Date "2003.07.19"]
[Round "9"]
[White "Fillion, Steve"]
[Black "Desmarais, Emmanuel"]
[Result "1/2-1/2"]
[WhiteElo "2150"]
[BlackElo "2000"]
[PlyCount "71"]
[EventDate "2003.07.12"]
[EventType "swiss"]
[EventRounds "9"]
[EventCountry "CAN"]

1. d4 d5 2. Nf3 c6 3. Bf4 Bf5 4. e3 e6 5. c4 Qb6 6. Qc1 Nf6 7. Nc3 Nbd7 8. c5
Qd8 9. h3 h6 10. b4 a6 11. Be2 Be7 12. O-O O-O 13. a4 Re8 14. b5 axb5 15. axb5
Ne4 16. bxc6 bxc6 17. Na2 Bf6 18. Nb4 Rxa1 19. Qxa1 Nexc5 20. Qa7 Ne4 21. Nxc6
Qc8 22. Rc1 Ndc5 23. Nce5 Qb7 24. Qa3 Ra8 25. Qxa8+ Qxa8 26. dxc5 Qa2 27. Nd4
Bd8 28. c6 f6 29. c7 Bxc7 30. Rxc7 fxe5 31. Bxe5 Nf6 32. Rc8+ Kh7 33. Rc7 Kg8
34. Rc8+ Kf7 35. Rc7+ Kg8 36. Rc8+ 1/2-1/2

[Event "Quebec op"]
[Site "Montreal CAN"]
[Date "2003.07.19"]
[Round "9"]
[White "Hua, Lefong"]
[Black "Mikanovic, Goran"]
[Result "1/2-1/2"]
[WhiteElo "2329"]
[BlackElo "2298"]
[PlyCount "49"]
[EventDate "2003.07.12"]
[EventType "swiss"]
[EventRounds "9"]
[EventCountry "CAN"]

1. d4 Nf6 2. c4 e6 3. Nc3 Bb4 4. e3 O-O 5. Nge2 d5 6. a3 Be7 7. cxd5 exd5 8. g3
c6 9. Bg2 a5 10. O-O Re8 11. Qc2 Nbd7 12. Nf4 Nf8 13. h3 h6 14. Bd2 N8h7 15.
Rad1 Bd6 16. f3 Ng5 17. g4 b5 18. Nce2 Qb6 19. Rc1 Bd7 20. h4 Ngh7 21. Nd3 Ra7
22. Nc5 Bc8 23. Rfe1 Qd8 24. Nd3 Bd7 25. Nef4 1/2-1/2